000 01642nam a2200457 i 4500
003 KOSZ 005
005 20220512130823.0
008 051003s1973 pl a f f |000 0 pol
015 _aPB 1974/1164
035 _a991028346909705066
035 _a(PL-WaBN)b17673495-48omnis_nlop
035 _ab17673495
035 _a(OCoLC)749861233
035 _a(PL)b0000001767349
035 _a(EXLNZ-48OMNIS_NETWORK)9910337635105606
040 _aWA N
_cWA N
_dWA N
_dKOSZ 005/HR
041 0 _apol
046 _k1973
080 _a621.37
245 0 0 _aTechnika impulsowa :
_bpraca zbiorowa /
_cpod red. Stanisława Sławińskiego ; [aut. S. Sławiński et al.].
260 _aWarszawa :
_bWydawnictwa Naukowo-Techniczne,
_c1973
_f(Pozn. Zakł. Graf. im. M. Kasprzaka).
300 _a361, [2] s. :
_bil., wykr. ;
_c24 cm.
336 _2rdacontent
_aTekst
_btxt
337 _2rdamedia
_aBez urządzenia pośredniczącego
_bn
338 _2rdacarrier
_aWolumin
_bnc
380 _aKsiążki
380 _aPublikacje dydaktyczne
388 _a1901-2000
388 _a1945-1989
490 1 _aPodręczniki Akademickie. Elektronika
504 _aBibliogr.
650 7 _aTechnika impulsów
_2DBN
655 7 _aPodręczniki akademickie
_2DBN
658 _aInżynieria i technika
700 1 _aSławiński, Stanisław
_d(1922-2019)
_eRedakcja
710 2 _aWydawnictwa Naukowo-Techniczne
_4pbl
856 _uhttp://koha.tu.koszalin.pl/cgi-bin/koha/opac-detail.pl?biblionumber=7662
_yKatalog online BPK
830 0 _aPodręczniki Akademickie.
_pElektronika
942 _2UKD
_cKS
999 _c7662
_d7662